Maths - Squares of 2 Digit Numbers - 61 to 79 - Statistics

General Stats
  • This quiz has been taken 76 times
  • The average score is 6 of 18
Answer Stats
x % Correct
74 5476
60%
61 3721
40%
62 3844
40%
65 4225
40%
71 5041
40%
79 6241
40%
63 3969
30%
64 4096
30%
67 4489
30%
72 5184
30%
75 5625
30%
76 5776
30%
66 4356
20%
68 4624
20%
69 4761
20%
73 5329
20%
77 5929
20%
78 6084
10%
No matching quizzes found
Score Distribution
Percent of People with Each Score
Percentile by Number Answered
Your Score History
You have not taken this quiz